000 00213 a2200097 4500
001 8355
090 _c6727
_d6727
100 _aAnderson, K
245 _aThe black panther of sivani palli (Tansfred to SOA)
260 _bAllen
942 _aNUST-CAE
999 _c243428
_d243428